| 000 | 00959nas a2200325 4500 | ||
|---|---|---|---|
| 001 | BR0707273 | ||
| 003 | BR-BrBNA | ||
| 005 | 20231205111346.0 | ||
| 007 | ta | ||
| 008 | 230509b bl.|||p| |||| 00| 00por d | ||
| 040 |
_aBR-BrBNA _bpor _cBiblioteca Nacional de Agricultura |
||
| 041 | _a(Pt) | ||
| 072 | _aF01; H60 | ||
| 100 | 1 | _aSantos, J.B. dos | |
| 100 | 1 | _aFerreira, E.A. | |
| 100 | 1 | _aSilva, A.A. da | |
| 100 | 1 | _aSilva, F.M. da | |
| 100 | 1 | _aSantos, E.A. dos | |
| 100 | 1 | _aFerreira, L.R. | |
| 245 | 1 | _aAvaliação do carfentrazone-ethyl como dessecante em pré-colheita de sementes de feijão (Phaseolus vulgaris L.) | |
| 650 | _aFEIJÃO | ||
| 650 | _aHERBICIDA | ||
| 650 | _aDESSECANTE | ||
| 650 | _aCOLHEITA | ||
| 650 | _aSEMENTE | ||
| 650 | _aVIÇOSA | ||
| 773 | 0 |
_tRevista Ceres (Brazil) _xISSN 0034-737X _g(Nov-Dec 2005), v. 52(304) p. 831-842 _wBR0707273 |
|
| 909 |
_a202311 _bLúcia _c55 _dLúcia Elande |
||
| 942 |
_2AGRIS _n0 _cANA |
||
| 999 |
_c192250 _d192250 |
||